| 000 | 01006cam a2200301 4500 | ||
|---|---|---|---|
| 008 | 090401t1996 xxu||||| |||| 00| 0 eng d | ||
| 020 | _a0632040653 | ||
| 020 | _a0632057424 | ||
| 035 | _a(Sirsi) u56980 | ||
| 041 | _aeng | ||
| 050 | _a624.08 | ||
| 100 | _aEggleston, Brian | ||
| 245 | 4 | _aThe New Engineering Contract: a commentary | |
| 260 |
_aOxford _bBlackwell Science _c1996 |
||
| 300 | _axii, 324p. ; 24cm. | ||
| 350 | _a39.5 | ||
| 520 | _aDetailed commentary on the Engineering and Construction Contract and the other contracts which make up the New Engineering Contract family of forms. Copy 30061477 is 2000 paperback reissue. | ||
| 520 | _aSuperseded by second edition (ISBN 0632053860). | ||
| 650 | _aBUILT ENVIRONMENT-BUILDING CONTRACT FORMS | ||
| 650 | _aCOMPENSATION | ||
| 650 | _aDEFECTS | ||
| 650 | _aDISPUTES | ||
| 650 | _aNEW ENGINEERING CONTRACT | ||
| 650 | _aPAYMENT | ||
| 690 | _aBUILT ENVIRONMENT-BUILDING CONTRACT FORMS | ||
| 942 | _n0 | ||
| 948 | _c04/03/1997 | ||
| 999 |
_c93871 _d93871 |
||